Cost accounting : (Record no. 51731)
[ view plain ]
| 000 -LEADER | |
|---|---|
| fixed length control field | 00642nam a2200229Ia 4500 |
| 005 - DATE AND TIME OF LATEST TRANSACTION | |
| control field | 20260429111959.0 |
| 008 - FIXED-LENGTH DATA ELEMENTS--GENERAL INFORMATION | |
| fixed length control field | 260429s9999||||xx |||||||||||||| ||und|| |
| 020 ## - INTERNATIONAL STANDARD BOOK NUMBER | |
| International Standard Book Number | 9798886131062 |
| 041 ## - LANGUAGE CODE | |
| Language | English |
| 082 ## - DEWEY DECIMAL CLASSIFICATION NUMBER | |
| Classification number | 657.42 |
| Item number | FRI |
| 100 ## - MAIN ENTRY--PERSONAL NAME | |
| Personal name | Friedl, Gunther |
| 245 #0 - TITLE STATEMENT | |
| Title | Cost accounting : |
| Remainder of title | a decision-oriented approach / |
| Statement of responsibility, etc | Gunther Friedl |
| 260 ## - PUBLICATION, DISTRIBUTION, ETC. (IMPRINT) | |
| Place of publication, distribution, etc | Singapore : |
| Name of publisher, distributor, etc | World Scientific Publishing, |
| Date of publication, distribution, etc | 2025. |
| 300 ## - PHYSICAL DESCRIPTION | |
| Extent | xv, 615 p.; pbk |
| 650 ## - SUBJECT ADDED ENTRY--TOPICAL TERM | |
| Topical term or geographic name as entry element | Accounting |
| 650 ## - SUBJECT ADDED ENTRY--TOPICAL TERM | |
| Topical term or geographic name as entry element | Cost accounting |
| 650 ## - SUBJECT ADDED ENTRY--TOPICAL TERM | |
| Topical term or geographic name as entry element | Management |
| 700 ## - ADDED ENTRY--PERSONAL NAME | |
| Personal name | Hofmann, Christian |
| 700 ## - ADDED ENTRY--PERSONAL NAME | |
| Personal name | Pedell, Burkhard |
| 700 ## - ADDED ENTRY--PERSONAL NAME | |
| Personal name | Schafer, Peter |
| 942 ## - ADDED ENTRY ELEMENTS (KOHA) | |
| Koha item type | Text Books |
| Withdrawn status | Lost status | Damaged status | Not for loan | Collection code | Home library | Location | Shelving location | Date of Cataloging | Source of acquisition | Total Checkouts | Full call number | Barcode | Date last seen | Price effective from | Koha item type |
|---|---|---|---|---|---|---|---|---|---|---|---|---|---|---|---|
| Non-fiction | CUTN Central Library | CUTN Central Library | Medicine, Technology & Management | 29/04/2026 | Feel Books, Chennai - Invoice No. BLR/CRB/25-26/549 on 09-02-2026 | 657.42 FRI | 56760 | 29/04/2026 | 29/04/2026 | Text Books |
